| 000 | 00345nam a22001337a 4500 | ||
|---|---|---|---|
| 040 | _cNUST | ||
| 082 |
_a536 _bZEM |
||
| 100 | _aMark W. Zemansky | ||
| 110 |
_aRichard H. Dittman _9123382 |
||
| 245 | _aHeat and Thermodynamics | ||
| 260 |
_aRawalpindi: _bNational Book Foundation, _c2007. |
||
| 650 | _2Heat and Thermodynamics | ||
| 942 |
_2ddc _cBK |
||
| 999 |
_c610493 _d610493 |
||